LEADER 01655nam 2200373 n 450 001 996383819903316 005 20200824120640.0 035 $a(CKB)1000000000598178 035 $a(EEBO)2240950371 035 $a(UnM)99868826e 035 $a(UnM)99868826 035 $a(EXLCZ)991000000000598178 100 $a19940706d1658 uy | 101 0 $aeng 135 $aurbn||||a|bb| 200 10$aMistris Shawe's tomb-stone$b[electronic resource] $eor, the saints remains. Being a brief narrative, of some few (amongst many) remarkable passages in the holy life and happy death of that precious servant of the Lord Mrs. Dorothy Shaw, (late the dearly beloved wife of Mr. John Shaw preacher of the Gospell at Kingstone upon Hull,) who sweetly slept in the Lord, Decemb. 10th. and was interred at Trinity Church, in Hull, Decemb. 12. 1657. Collected by her dearest friend: with many usefull instructions, especially for his own and his six daughters consolation and imitation 210 $aLondon $cPrinted for Nathanael Brooks, at the Angel in Cornhill$d1658 215 $a[72], 103, [9] p 300 $aBy John Shaw. 300 $aRunning title reads: The saints tomb-stone. 300 $aWith 5 final advertisement leaves. 300 $aAnnotation on Thomason copy: "June". 300 $aReproduction of the original in the British Library. 330 $aeebo-0018 700 $aShawe$b John$f1608-1672.$01011584 801 0$bCu-RivES 801 1$bCu-RivES 801 2$bUk-ES 801 2$bCStRLIN 801 2$bWaOLN 906 $aBOOK 912 $a996383819903316 996 $aMistris Shawe's tomb-stone$92344144 997 $aUNISA LEADER 02292oam 22006014a 450 001 9910695363703321 005 20060928172806.0 035 $a(CKB)5470000002369112 035 $a(OCoLC)70663617 035 $a(EXLCZ)995470000002369112 100 $a20050826d2005 ua 0 101 0 $aeng 135 $aurcn|---||||| 181 $ctxt$2rdacontent 182 $cc$2rdamedia 183 $acr$2rdacarrier 200 10$aInterpretation of carboxyhemoglobin and cyanide concentrations in relation to aviation accidents$b[electronic resource] $efinal report /$fDennis V. Canfield, Arvind K. Chaturvedi, Kurt M. Dubowski 210 1$aWashington, DC :$cU.S. Dept. of Transportation, Federal Aviation Administration, Office of Aerospace Medicine;$aSpringfield, Va. :$cAvailable through the National Technical Information Service,$d[2005] 215 $ai, 6 pages $cdigital, PDF file 300 $aTitle from PDF t.p. (viewed July 7, 2006). 300 $a"May 2005." 300 $a"DOT/FAA/AM-05/9." 320 $aIncludes bibliographical references (pages 2-3). 517 $aInterpretation of carboxyhemoglobin and cyanide concentrations in relation to aviation accidents 606 $aAircraft accidents 606 $aCarbon monoxide$xToxicology 606 $aCarbon Monoxide Poisoning 606 $aAccidents, Aviation 606 $aCarbon Monoxide$xblood 606 $aCarboxyhemoglobin 606 $aCyanides$xblood 606 $aFires 608 $aTechnical Report. 615 0$aAircraft accidents. 615 0$aCarbon monoxide$xToxicology. 615 12$aCarbon Monoxide Poisoning. 615 22$aAccidents, Aviation. 615 22$aCarbon Monoxide$xblood. 615 22$aCarboxyhemoglobin. 615 22$aCyanides$xblood. 615 22$aFires. 700 $aCanfield$b Dennis V.$f1943-$01381649 701 $aChaturvedi$b Arvind K$01380639 701 $aDubowski$b Kurt M$01381650 712 02$aUnited States.$bOffice of Aerospace Medicine. 712 02$aCivil Aerospace Medical Institute. 801 0$bNLM 801 1$bNLM 801 2$bGPO 906 $aBOOK 912 $a9910695363703321 996 $aInterpretation of carboxyhemoglobin and cyanide concentrations in relation to aviation accidents$93424451 997 $aUNINA LEADER 02114oas 2200865 a 450 001 9910333258503321 005 20251105213014.0 011 $a1879-2812 035 $a(DE-599)ZDB2263702-3 035 $a(DE-599)2263702-3 035 $a(OCoLC)61311255 035 $a(CONSER) 2010250704 035 $a(CKB)954926990137 035 $a(EXLCZ)99954926990137 100 $a20050822b19871998 sy 101 0 $aeng 135 $aurun||||||||| 181 $ctxt$2rdacontent 182 $cc$2rdamedia 183 $acr$2rdacarrier 200 10$aBaillie?re's clinical anaesthesiology 210 $aLondon ;$aPhiladelphia $cBaillie?re Tindall 300 $aRefereed/Peer-reviewed 300 $aEach issue also has a distinctive title. 300 $a"International practice and research." 311 08$a0950-3501 517 1 $aAnaesthesiology 517 1 $aClinical anaesthesiology 531 1 $aBaillie?re's clin. anaesthesiol. 606 $aAnesthesiology$vPeriodicals 606 $aAnesthesia 606 $aAnesthesia$vPeriodicals 606 $aAnesthe?siologie$vPe?riodiques 606 $aAnesthesiology$2fast$3(OCoLC)fst00808683 608 $aPeriodicals.$2fast 615 0$aAnesthesiology 615 2$aAnesthesia. 615 2$aAnesthesia 615 6$aAnesthe?siologie 615 7$aAnesthesiology. 801 0$bOCLCS 801 1$bOCLCS 801 2$bOCLCS 801 2$bKSU 801 2$bBUF 801 2$bZ5A 801 2$bAU@ 801 2$bWAU 801 2$bOCLCQ 801 2$bCOO 801 2$bOCLCO 801 2$bVT2 801 2$bOCLCQ 801 2$bOCLCF 801 2$bOCLCQ 801 2$bU3W 801 2$bEZC 801 2$bOCLCO 801 2$bWYU 801 2$bAUD 801 2$bTKN 801 2$bOCLCO 801 2$bW2U 801 2$bOCLCO 801 2$bNJT 801 2$bOCLCA 801 2$bQGK 801 2$bOCLCQ 801 2$bUAB 801 2$bUEJ 801 2$bOCLCQ 906 $aJOURNAL 912 $a9910333258503321 996 $aBaillie?re's clinical anaesthesiology$92488139 997 $aUNINA